Un chin de amor / (Registro nro. 12906)

Detalles MARC
000 -LIDER
fixed length control field 00663nam a22002177a 4500
003 - IDENTIFICACDOR DE NÚMERO DE CONTROL
control field DO-SdBNP
005 - DATE AND TIME OF LATEST TRANSACTION
control field 20171129153025.0
008 - ELEMENTOS DE LONGITUD FIJA
fixed length control field 171116b 2005 pe ||||| |||| 00| 0 spa d
020 ## - ISBN
International Standard Book Number 9972342522
040 ## - FUENTE DE CATALOGACIÓN
Agencia que crea de manera original el registro BPMSU
Idioma de catalogación spa
Agencia que realiza la transcripción BPMSU
092 ## - LOCALLY ASSIGNED DEWEY DECIMAL CALL NUMBER
Número de clasificación xxxx
Número de ítem (Cutter) xxxx
100 1# - ASIENTO PRINCIPAL -- NOMBRE PERSONAL
Nombre personal Granados, Pedro,
Fechas asociadas con el nombre 1955-
245 10 - MENCIÓN DE TITULO
Título Un chin de amor /
Mención de responsabilidad Pedro Granados.
260 ## - PUBLICACIÓN, DISTRIBUCIÓN, ETC. (PIE DE IMPRENTA)
Lugar de publicación, distribución, etc Lima :
Nombre del editor, distribuidor, etc. San Marcos,
Fecha de publicación, distribución, etc 2005
300 ## - DESCRIPCIÓN FÍSICA
Extensión 180 p. ;
Dimensiones 20 cm.
500 ## - NOTA GENERAL
Nota general Incluye datos del autor en la solapa de la cubierta
505 0# - NOTA DE CONTENIDO
Título Prepucio carmesí --
-- Un chin de amor.
942 ## - ADDED ENTRY ELEMENTS (KOHA)
Source of classification or shelving scheme Dewey Decimal Classification
Koha item type Libros
945 ## - INFORMACIÓN DE PROCESAMIENTO LOCAL
Información de procesamiento local Inventariado extranjero / 2017 YL
956 ## - LOCAL ELECTRONIC LOCATION AND ACCESS (OCLC)
Nombre de host LOPEREZ
Número de acceso 10
Información de compresión 20171116
Trayectoria 0041
Existencias
Withdrawn status Lost status Source of classification or shelving scheme Damaged status Not for loan Collection code Home library Current library Date acquired Source of acquisition Total Checkouts Barcode Date last seen Price effective from Koha item type
    Dewey Decimal Classification     Colección General Biblioteca Pública Metropolitana Salomé Ureña Biblioteca Pública Metropolitana Salomé Ureña 11/16/2017 Donación   BPMSU17110212 11/16/2017 11/16/2017 Libros